[Event "Detroit (MCO/DEU/6/10)"]
[Site "?"]
[Date "1994.??.??"]
[Round "?"]
[White "Ashton, Jeff"]
[Black "Silveri, Marco"]
[Result "1-0"]
[WhiteElo "1605"]
[BlackElo "1605"]
[PlyCount "46"]
[EventDate "1994.??.??"]

{6/(10)} 1. d4 Nf6 2. c4 g6 3. Nc3 d6 4. e4 Bg7 5. f4 O-O 6. Nf3 Nbd7 7. Be2 c6
8. O-O b6 9. f5 Bb7 10. fxg6 hxg6 11. Bg5 Qc7 12. Qd2 Rfe8 13. Bh6 Bh8 14. Ng5
e5 15. d5 cxd5 16. exd5 Qc5+ 17. Kh1 Qd4 18. Nge4 Qxd2 19. Bxd2 Rac8 20. Nb5 a6
21. Nbxd6 Rb8 22. Nxe8 Rxe8 23. Rf3 b5 {[Remainder illegible; 1-0, 37?]} 1-0

[Event "Romulus (RVO/4/20)"]
[Site "?"]
[Date "1994.??.??"]
[Round "?"]
[White "Ashton, Jeff"]
[Black "Priebe, Raymond"]
[Result "0-1"]
[WhiteElo "1605"]
[BlackElo "1605"]
[PlyCount "106"]
[EventDate "1994.??.??"]

{4/(20)} 1. d4 Nf6 2. c4 e6 3. Nc3 Bb4 4. Bg5 Bxc3+ 5. bxc3 b6 6. f3 Bb7 7. e4
h6 8. Bh4 g5 9. Bf2 d6 10. Bd3 e5 11. d5 c5 12. Ne2 Nbd7 13. O-O Qe7 14. Ng3
Qf8 15. Nf5 O-O-O 16. a4 a5 17. Rb1 Nh5 18. Rb3 Nf4 19. g3 Nxd3 20. Qxd3 Ba6
21. Rfb1 Kc7 22. Ne3 h5 23. Qc2 Qg7 24. Qb2 Rb8 25. Nf5 Qf6 26. Qe2 Rbg8 27.
Qb2 Rb8 28. Qe2 Rhg8 29. Ne3 Qh6 30. Nc2 g4 31. Na3 Qf6 32. Kg2 gxf3+ 33. Qxf3
h4 34. Qxf6 Nxf6 35. Nb5+ Bxb5 36. Rxb5 Nxe4 37. Be1 Rg4 38. Kf3 f5 39. h3
Rxg3+ 40. Bxg3 hxg3 41. R5b3 Nd2+ 42. Kxg3 Nxb3 43. Rxb3 Rg8+ 44. Kf3 f4 45.
Kf2 Rg3 46. Rb1 e4 47. Rh1 Rxc3 48. h4 Rxc4 49. h5 Rc2+ 50. Kg1 e3 51. h6 Rc1+
52. Kh2 Rxh1+ 53. Kxh1 e2 0-1

[Event "Ann Arbor (MLS Oct-Nov)"]
[Site "?"]
[Date "1994.??.??"]
[Round "?"]
[White "Ashton, Jeff"]
[Black "Pecot, Dave"]
[Result "1-0"]
[WhiteElo "1605"]
[BlackElo "1605"]
[PlyCount "40"]
[EventDate "1994.??.??"]

1. d4 Nf6 2. c4 e6 3. Nc3 b6 4. e4 d6 5. Bd3 Bb7 6. Nge2 Be7 7. Qc2 Na6 8. a3
h6 9. O-O d5 10. cxd5 exd5 11. Bxa6 Bxa6 12. Qa4+ Qd7 13. Qxa6 c5 14. exd5 Nxd5
15. Nxd5 Qxd5 16. Qb5+ Kf8 17. Nc3 Qxd4 18. Rd1 Qe5 19. Rd5 Qe6 20. Bf4 Kg8 {
[Remainder illegible; 1-0, 42?]} 1-0

[Event "Detroit (MOR/5/42)"]
[Site "?"]
[Date "1994.??.??"]
[Round "?"]
[White "Ashton, Jeff"]
[Black "Motley, Gerald"]
[Result "1-0"]
[WhiteElo "1605"]
[BlackElo "1605"]
[PlyCount "107"]
[EventDate "1994.??.??"]

{5/(42)} 1. d4 d5 2. c4 e6 3. Nc3 Nc6 4. Nf3 h6 5. Bf4 a6 6. e3 Nf6 7. cxd5
Nxd5 8. Nxd5 exd5 9. a3 Bd6 10. Bxd6 Qxd6 11. Bd3 Bg4 12. h3 Be6 13. Rc1 O-O
14. Bb1 Rfe8 15. Qc2 g6 16. Qc5 Rad8 17. Qxd6 Rxd6 18. Ke2 Re7 19. Rc3 Bd7 20.
Rhc1 Kg7 21. Kd2 Bc8 22. Bd3 Ree6 23. a4 f6 24. Rb3 Na5 25. Rxc7+ Bd7 26. Rbc3
Kf8 27. Bxg6 Ke7 28. Bf5 Nc4+ 29. R7xc4 dxc4 30. Bxe6 Bxe6 31. Kd1 Kd7 32. Nd2
b5 33. axb5 axb5 34. Ne4 Ra6 35. Nc5+ Kc6 36. Nxa6 Bd5 37. Nb4+ Kd6 38. Nxd5
Kxd5 39. f3 f5 40. b3 f4 41. bxc4+ bxc4 42. Kd2 h5 43. Ra3 h4 44. Ra5+ Kc6 45.
e4 Kb6 46. Rc5 c3+ 47. Kxc3 Kb7 48. Kb4 Kb6 49. Ka4 Ka6 50. Rb5 Ka7 51. d5 Ka6
52. d6 Ka7 53. d7 Ka6 54. d8=Q 1-0

[Event "Detroit (MCO/Ch/1a/10)"]
[Site "?"]
[Date "1994.??.??"]
[Round "?"]
[White "Ashton, Jeff"]
[Black "Moody, David"]
[Result "0-1"]
[WhiteElo "1605"]
[BlackElo "2000"]
[PlyCount "56"]
[EventDate "1994.??.??"]

1. d4 Nf6 2. c4 c5 3. d5 e6 4. Nc3 exd5 5. cxd5 d6 6. e4 g6 7. f4 Bg7 8. Nf3
O-O 9. Be2 Bg4 10. O-O a6 11. a4 Re8 12. Nd2 Bxe2 13. Qxe2 Nbd7 14. Nc4 Qc7 15.
Qf3 Rab8 16. Kh1 b5 17. axb5 axb5 18. Nxd6 Qxd6 19. e5 Qe7 20. exf6 Nxf6 21.
Rd1 b4 22. Na4 Nxd5 23. Bd2 Nb6 24. Nxb6 Rxb6 25. Re1 Ra6 26. Rad1 Re6 27. Rxe6
Qxe6 28. Qf2 Bd4 0-1

[Event "Detroit (MOR/1a/19)"]
[Site "?"]
[Date "1994.??.??"]
[Round "?"]
[White "Ashton, Jeff"]
[Black "Marinelli, Philip"]
[Result "1-0"]
[WhiteElo "1605"]
[BlackElo "1685"]
[PlyCount "105"]
[EventDate "1994.??.??"]

1. d4 g6 2. c4 Bg7 3. Nc3 c6 4. e4 d6 5. f4 Na6 6. Nf3 Bg4 7. Be2 e6 8. O-O Ne7
9. Be3 O-O 10. Bf2 f5 11. Ng5 Bxe2 12. Qxe2 Qc8 13. exf5 Nxf5 14. Qxe6+ Qxe6
15. Nxe6 Rf7 16. Nxg7 Kxg7 17. g4 Nh6 18. g5 Nf5 19. Rae1 Raf8 20. d5 c5 21.
Nb5 Nb4 22. Re6 Rd8 23. a3 Nd3 24. Nxa7 Nxf4 25. Rf6 Nh3+ 26. Kg2 Nxg5 27.
Rxf7+ Nxf7 28. Re1 Ne5 29. Re4 Ra8 30. Nb5 Nd3 31. Nc7 Ra4 32. Ne8+ Kf7 33. Bg3
Rxc4 34. Rxc4 Ne3+ 35. Kf3 Nxc4 36. Nxd6+ Nxd6 37. Bxd6 c4 38. Ke3 Nxb2 39. Kd4
b5 40. Kc5 c3 41. Kxb5 c2 42. Bf4 Nd3 43. Be3 Ke7 44. Kc6 c1=Q+ 45. Bxc1 Nxc1
46. Kc7 Nd3 47. d6+ Kf7 48. d7 Nf4 49. d8=Q Ne6+ 50. Kc8 Nxd8 51. Kxd8 Ke6 52.
Kc7 Kd5 53. Kb6 1-0

[Event "Ann Arbor (HVA/2/6)"]
[Site "?"]
[Date "1994.??.??"]
[Round "?"]
[White "Ashton, Jeff"]
[Black "Kane, Paul"]
[Result "1-0"]
[WhiteElo "1605"]
[BlackElo "1605"]
[PlyCount "101"]
[EventDate "1994.??.??"]

{2/(6)} 1. d4 d5 2. c4 c6 3. Nf3 dxc4 4. a4 Bf5 5. Nc3 Nf6 6. Ne5 e6 7. f3 Nbd7
8. e4 Nxe5 9. dxe5 Qxd1+ 10. Kxd1 O-O-O+ 11. Ke1 Nxe4 12. fxe4 Bg4 13. Bg5 Rd4
14. Be3 Rd7 15. Bxa7 Bb4 16. Bb6 Rf8 17. Bxc4 c5 18. Rf1 Rd4 19. Rf4 Bh5 20.
Bxe6+ Kb8 21. Kf2 Rd2+ 22. Ke3 Rxb2 23. Rc1 Bxc3 24. Rxc3 Rxb6 25. Bg4 Bxg4 26.
Rxg4 g6 27. Rxc5 Rb3+ 28. Kf4 b6 29. Rb5 Rxb5 30. axb5 Kc7 31. Rg3 Kd7 32. Rd3+
Ke7 33. Rd6 Rb8 34. g4 h6 35. h4 Rb7 36. h5 Rb8 37. hxg6 fxg6 38. Rxg6 Rf8+ 39.
Rf6 Rxf6+ 40. exf6+ Kxf6 41. e5+ Ke6 42. Ke4 Ke7 43. Kd5 Kd7 44. e6+ Ke7 45.
Ke5 Ke8 46. Kd6 Kd8 47. e7+ Ke8 48. Ke6 h5 49. g5 h4 50. g6 h3 51. g7 1-0

[Event "Detroit (MOR/3/44)"]
[Site "?"]
[Date "1994.??.??"]
[Round "?"]
[White "Ashton, Jeff"]
[Black "Iyer, Krishnan"]
[Result "1-0"]
[WhiteElo "1605"]
[BlackElo "1605"]
[PlyCount "63"]
[EventDate "1994.??.??"]

{3/(44)} 1. d4 Nf6 2. c4 b6 3. Nc3 Bb7 4. Nf3 e6 5. Bg5 h6 6. Bh4 g5 7. Bg3 d6
8. e3 a6 9. Be2 Nbd7 10. O-O Nh5 11. Qc2 Nxg3 12. fxg3 Qe7 13. Nd2 O-O-O 14.
Bf3 d5 15. cxd5 exd5 16. e4 h5 17. Rac1 Nf6 18. e5 Ng4 19. Qf5+ Kb8 20. Bxg4
hxg4 21. Qxf7 Rd7 22. Qxe7 Rxe7 23. h3 gxh3 24. gxh3 Reh7 25. Kg2 c5 26. Ne2
cxd4 27. Nxd4 Re7 28. e6 Rc7 29. Rxc7 Kxc7 30. Rf7+ Kc8 31. e7 Bh6 32. Rh7 1-0

[Event "Romulus (RVO/2/17)"]
[Site "?"]
[Date "1994.??.??"]
[Round "?"]
[White "Ashton, Jeff"]
[Black "Fuller, William"]
[Result "1/2-1/2"]
[WhiteElo "1605"]
[BlackElo "2095"]
[PlyCount "120"]
[EventDate "1994.??.??"]

{2/(17)} 1. d4 d6 2. c4 e5 3. dxe5 dxe5 4. Qxd8+ Kxd8 5. Nf3 f6 6. Nc3 c6 7. e4
Na6 8. a3 Bg4 9. Be3 Bc5 10. Bxc5 Nxc5 11. b4 Ne6 12. Be2 Nf4 13. O-O-O+ Kc7
14. h3 Be6 15. Bf1 Nh6 16. g3 Ng6 17. c5 Rad8 18. Bg2 Bc4 19. Rxd8 Rxd8 20. Rd1
Rxd1+ 21. Kxd1 Nf8 22. Nd2 Bd3 23. Bf1 Bxf1 24. Nxf1 Ne6 25. Ne3 Nf7 26. Nf5 g6
27. Ne3 h5 28. h4 Nh6 29. Kd2 Ng4 30. Nxg4 hxg4 31. Ne2 b6 32. cxb6+ axb6 33.
Nc3 Nd4 34. Kd3 Kd6 35. Na4 Kc7 36. Nc3 Kb7 37. Nd1 Kc7 38. Ne3 Kd6 39. Nxg4
Ke6 40. Ne3 b5 41. Nf1 f5 42. exf5+ gxf5 43. Nd2 Kd5 44. f3 Ne6 45. h5 Ng5 46.
Ke3 Nf7 47. g4 Ke6 48. Nf1 f4+ 49. Kd3 Kd5 50. Nd2 Ng5 51. Ke2 Kd4 52. Nb3+ Kc4
53. Nd2+ Kd4 54. Ne4 Nf7 55. g5 Kc4 56. h6 Kb3 57. h7 Nh8 58. Kd3 Ng6 59. Nf6
Kxa3 60. Kc3 c5 1/2-1/2

[Event "Detroit (MCO/DEU/5/9)"]
[Site "?"]
[Date "1994.??.??"]
[Round "?"]
[White "Ashton, Jeff"]
[Black "Danek, C."]
[Result "1-0"]
[WhiteElo "1605"]
[BlackElo "1605"]
[PlyCount "101"]
[EventDate "1994.??.??"]

{5/(9)} 1. d4 Nf6 2. c4 e6 3. Nc3 Bb4 4. Bg5 O-O 5. e3 d6 6. Bd3 Nbd7 7. Nge2
c5 8. d5 Ne5 9. O-O Nxd3 10. Qxd3 h6 11. Bh4 Re8 12. Rfd1 e5 13. e4 Bd7 14. h3
Rb8 15. a3 Bxc3 16. Nxc3 a6 17. b4 g5 18. Bg3 Nh5 19. bxc5 dxc5 20. a4 Nf4 21.
Bxf4 exf4 22. Re1 Re5 23. f3 Qf6 24. Rab1 h5 25. a5 g4 26. hxg4 hxg4 27. Kf2
Qh4+ 28. Ke2 gxf3+ 29. gxf3 Qh7 30. Rh1 Rh5 31. Rxh5 Qxh5 32. Kd2 f5 33. e5
Qh2+ 34. Qe2 Qxe2+ 35. Nxe2 b5 36. axb6 a5 37. e6 Bc8 38. Rg1+ Kf8 39. Rb1 Ke7
40. Nxf4 Ba6 41. Kc3 Kd6 42. Nd3 a4 43. Ra1 Rxb6 44. Rxa4 Bc8 45. Nxc5 Kxc5 46.
Ra5+ Kd6 47. c5+ Kxd5 48. cxb6+ Kc6 49. Rxf5 Kxb6 50. Rf8 Bxe6 51. Rf6 1-0

[Event "Detroit (MOR/7/26)"]
[Site "?"]
[Date "1994.??.??"]
[Round "?"]
[White "Ashton, Jeff"]
[Black "Bailey, Jason"]
[Result "1-0"]
[WhiteElo "1605"]
[BlackElo "1710"]
[PlyCount "50"]
[EventDate "1994.??.??"]

{7/(26)} 1. d4 Nf6 2. c4 c5 3. d5 d6 4. Nc3 g6 5. e4 Bg7 6. Nf3 O-O 7. Bd3 e6
8. O-O exd5 9. cxd5 Nbd7 10. Re1 a6 11. a4 Ng4 12. Bg5 Qb6 13. Qd2 Nde5 14.
Nxe5 Nxe5 15. Be2 f5 16. a5 Qc7 17. Bh6 fxe4 18. Nxe4 Bf5 19. Bxg7 Kxg7 20. Ng5
h6 21. Ne6+ Bxe6 22. dxe6 Rae8 23. f4 Nc6 24. Qc3+ Kh7 25. Rf1 d5 1-0

[Event "Ann Arbor (HVA/3/2)"]
[Site "?"]
[Date "1994.??.??"]
[Round "?"]
[White "Ashton, Jeff"]
[Black "Aldrich, Jeff"]
[Result "0-1"]
[WhiteElo "1605"]
[BlackElo "1950"]
[PlyCount "41"]
[EventDate "1994.??.??"]

{3/(2)} 1. d4 d5 2. c4 e6 3. Nc3 Nf6 4. Bg5 Nbd7 5. cxd5 exd5 6. e3 c6 7. Bd3
Be7 8. Nf3 h6 9. Bh4 O-O 10. O-O b6 11. Rc1 Bb7 12. Qc2 c5 13. h3 Rc8 14. Bg3
Nb8 15. Bf5 Nfd7 16. Nb5 cxd4 17. Bc7 dxe3 18. Bxd8 Rxc2 19. Bxe7 exf2+ 20. Kh2
Rfc8 21. Bxc2 0-1

[Event "Detroit (Class C/2/11)"]
[Site "?"]
[Date "1994.??.??"]
[Round "?"]
[White "Asbury, Victor"]
[Black "Waite, Lawrence"]
[Result "1-0"]
[WhiteElo "1605"]
[BlackElo "1605"]
[PlyCount "53"]
[EventDate "1994.??.??"]

{2/(11)} 1. c4 Nf6 2. Nc3 e5 3. g3 d5 4. cxd5 Nxd5 5. Bg2 c6 6. Qb3 Nf6 7. Nf3
Qc7 8. Ng5 h6 9. Nge4 Nxe4 10. Nxe4 Be6 11. Qc2 Be7 12. Nc5 Bd5 13. e4 Bxc5 14.
Qxc5 Be6 15. O-O b6 16. Qc2 O-O 17. d3 Nd7 18. f4 exf4 19. Bxf4 Qb7 20. Rac1
Rac8 21. a3 Nf6 22. Bxh6 gxh6 23. Rxf6 Kg7 24. Qc3 Kh7 25. Qd2 Kh8 26. Rxh6+
Kg8 27. Qg5# 1-0

[Event "Detroit (Class C/4/3)"]
[Site "?"]
[Date "1994.??.??"]
[Round "?"]
[White "Asbury, Victor"]
[Black "Anderson, D."]
[Result "0-1"]
[WhiteElo "1605"]
[BlackElo "1605"]
[PlyCount "68"]
[EventDate "1994.??.??"]

{4/(3)} 1. c4 e6 2. Nc3 d5 3. cxd5 exd5 4. e3 c6 5. g3 Bf5 6. d4 Bb4 7. Bg2 Nf6
8. Nge2 O-O 9. O-O Nbd7 10. a3 Bd6 11. b4 a6 12. Bb2 Nb6 13. Bc1 Re8 14. h3 h5
15. Na4 Nxa4 16. Qxa4 Qd7 17. h4 Bh3 18. Qc2 Bxg2 19. Kxg2 Ne4 20. Nc3 Re6 21.
Nxe4 Rxe4 22. f3 Re6 23. Qf2 Rae8 24. Bd2 Rg6 25. f4 Ree6 26. Qg1 Rxg3+ 27.
Kxg3 Rg6+ 28. Kf2 Rxg1 29. Rxg1 Qf5 30. Rad1 Be7 31. Rh1 Qd3 32. Bc1 Bxh4+ 33.
Kg2 Qe2+ 34. Kh3 Qg4+ 0-1

[Event "Detroit (MOR/4/59)"]
[Site "?"]
[Date "1994.??.??"]
[Round "?"]
[White "Arwashan, N."]
[Black "Worley, Ron"]
[Result "0-1"]
[WhiteElo "1605"]
[BlackElo "1605"]
[PlyCount "120"]
[EventDate "1994.??.??"]

{4/(59)} 1. e4 e5 2. Nf3 Nc6 3. Bc4 Bc5 4. O-O Nf6 5. d3 O-O 6. Nc3 d6 7. Bg5
h6 8. Bh4 Be6 9. Re1 Bxc4 10. dxc4 Nd4 11. Nd5 g5 12. Nxg5 Nxd5 13. exd5 hxg5
14. Qg4 f5 15. Qg3 Qe7 16. Bxg5 Qg7 17. Rad1 Nxc2 18. Re2 Nd4 19. Ree1 f4 20.
Qh4 Nf5 21. Qh5 Qh7 22. Qe2 Nd4 23. Qg4 Qg6 24. Rd3 Rf5 25. h4 Raf8 26. g3 fxg3
27. Rxg3 Nf3+ 28. Rxf3 Rxf3 29. h5 R8f4 30. Qc8+ Rf8 31. Qg4 R8f4 32. Qxf4 Rxf4
33. hxg6 Rg4+ 34. Kh2 Bxf2 35. Re2 Bg1+ 36. Kh3 Rxg5 37. Rg2 Rxg2 38. Kxg2 Bd4
39. Kf3 Bxb2 40. Ke4 Kg7 41. Kf5 c6 42. a4 cxd5 43. cxd5 a6 44. a5 Bc3 45. Ke6
Kxg6 46. Kxd6 e4 47. Kc7 Bxa5+ 48. Kxb7 e3 49. d6 e2 50. d7 e1=Q 51. Kxa6 Qe6+
52. Kxa5 Qxd7 53. Kb6 Qd4+ 54. Kc6 Kf6 55. Kc7 Ke6 56. Kc6 Qd5+ 57. Kc7 Qd6+
58. Kc8 Qd7+ 59. Kb8 Kd6 60. Ka8 Kc6 0-1

[Event "Detroit (MOR/2/33)"]
[Site "?"]
[Date "1994.??.??"]
[Round "?"]
[White "Arwashan, N."]
[Black "Sledge, Ernest"]
[Result "0-1"]
[WhiteElo "1605"]
[BlackElo "1790"]
[PlyCount "76"]
[EventDate "1994.??.??"]

{2/(33)} 1. d4 d5 2. e3 e6 3. Bd3 Bd6 4. Nf3 f5 5. O-O Nf6 6. Nbd2 O-O 7. Ne5
Nbd7 8. f4 c5 9. b3 cxd4 10. exd4 Ne4 11. c4 Nxe5 12. fxe5 Bxe5 13. dxe5 Qb6+
14. Kh1 Nf2+ 15. Rxf2 Qxf2 16. Nf3 Bd7 17. cxd5 exd5 18. Ng5 h6 19. e6 Bc6 20.
Nh3 Qh4 21. Nf4 Qf6 22. Qh5 Qxa1 23. Ne2 Qe5 24. Qg6 Rf6 25. Qh5 Qxe6 26. h3
Re8 27. Qf3 Rf7 28. Qg3 Kh8 29. Bd2 Qe5 30. Nf4 Qf6 31. Nh5 Qa1+ 32. Kh2 Qe5
33. Nf4 Rf6 34. Qf2 d4 35. g3 g5 36. Ne2 Qd5 37. Qg1 Qf3 38. Qe1 Qg2# 0-1

[Event "Detroit (MCO/DEU/3a/6)"]
[Site "?"]
[Date "1994.??.??"]
[Round "?"]
[White "Arwashan, N."]
[Black "Rucker, Ed"]
[Result "0-1"]
[WhiteElo "1605"]
[BlackElo "1605"]
[PlyCount "66"]
[EventDate "1994.??.??"]

1. e4 e5 2. Nf3 d6 3. c3 Nf6 4. d4 exd4 5. Qxd4 Nc6 6. Qc4 Be6 7. Qd3 Be7 8.
Bf4 O-O 9. Qc2 a6 10. Bd3 d5 11. e5 Ne4 12. Bxe4 dxe4 13. Qxe4 Bd5 14. Qe3 f6
15. O-O Bxf3 16. Qxf3 fxe5 17. Qd1 Bd6 18. Qd5+ Kh8 19. Be3 Qh4 20. g3 Qf6 21.
Nd2 Qf7 22. Qe4 Rab8 23. Nf3 Qxf3 24. Qh4 Ne7 25. g4 Ng6 26. Qh5 Nf4 27. Bxf4
Qxf4 28. Rad1 Rf6 29. g5 Rg6 30. h4 e4 31. Rfe1 Rf8 32. Re2 Qh2+ 33. Kf1 Qh1#
0-1

[Event "Detroit (MCO/DEU/1a/2)"]
[Site "?"]
[Date "1994.??.??"]
[Round "?"]
[White "Arwashan, N."]
[Black "Miller, Jess"]
[Result "1-0"]
[WhiteElo "1605"]
[BlackElo "1605"]
[PlyCount "92"]
[EventDate "1994.??.??"]

1. e4 e6 2. d4 d5 3. e5 Nd7 4. Bb5 c6 5. Ba4 f6 6. Nf3 b5 7. Bb3 c5 8. c3 cxd4
9. cxd4 fxe5 10. dxe5 Qc7 11. Bf4 Bb4+ 12. Nc3 Bxc3+ 13. bxc3 Qxc3+ 14. Bd2 Qc7
15. Rc1 Qb8 16. Ba5 Nb6 17. O-O Ne7 18. Bb4 Nc4 19. Nd4 a6 20. Bxe7 Qxe5 21.
Nc6 Qc7 22. Bxc4 bxc4 23. Qa4 Bd7 24. Qb4 Qxc6 25. Bg5 Kf7 26. Qe7+ Kg6 27. g4
Rae8 28. Qb4 h6 29. Bh4 Kh7 30. Qb1+ Kg8 31. f4 e5 32. f5 Qb5 33. Qc2 Kf7 34.
f6 g5 35. Bg3 Bxg4 36. Rce1 e4 37. Qg2 Re6 38. Rb1 Qd7 39. Qf2 Bf3 40. Qd4 Ra8
41. Be5 Qa7 42. Rf2 Qxd4 43. Bxd4 Rxf6 44. Bxf6 Kxf6 45. Rb6+ Kf5 46. Rxh6 g4
1-0

[Event "Grand Rapids (MI Am/2/38)"]
[Site "?"]
[Date "1994.??.??"]
[Round "?"]
[White "Arwashan, N."]
[Black "Jackson, Don"]
[Result "1-0"]
[WhiteElo "1605"]
[BlackElo "1605"]
[PlyCount "103"]
[EventDate "1994.??.??"]

{2/(38)} 1. d4 h6 2. e3 g5 3. Bd3 Bg7 4. Nd2 d6 5. f4 g4 6. h3 h5 7. f5 e6 8.
hxg4 Qg5 9. Nc4 exf5 10. Nf3 Qxg4 11. O-O h4 12. Qe1 h3 13. Qf2 Nf6 14. Nh2 Qg6
15. Nd2 b6 16. g3 Bb7 17. Bxf5 Qg5 18. Ne4 Bxe4 19. Bxe4 c6 20. Bf5 O-O 21. g4
Bh6 22. Nf3 Nxg4 23. Bxg4 Qxg4+ 24. Kh1 Qe4 25. Qg3+ Qg6 26. Qxh3 Bg7 27. Rg1
Qe6 28. Ng5 Qxh3+ 29. Nxh3 Nd7 30. e4 Kh7 31. Bf4 Bxd4 32. Bxd6 Rg8 33. Rgf1 f6
34. Be7 Rae8 35. Rad1 c5 36. Bd6 Bxb2 37. Bf4 Ne5 38. Bxe5 Bxe5 39. Rd7+ Rg7
40. Rd3 Bd4 41. c3 Be5 42. Nf2 Kg6 43. Rg1+ Kf7 44. Rd7+ Re7 45. Rxe7+ Kxe7 46.
Rxg7+ Kf8 47. Rxa7 Bxc3 48. Ra8+ Ke7 49. Ng4 c4 50. Rc8 b5 51. Nf2 Kd7 52. Rc5
1-0

[Event "Grand Rapids (MI Am/4/34)"]
[Site "?"]
[Date "1994.??.??"]
[Round "?"]
[White "Arwashan, N."]
[Black "Friedland, J."]
[Result "0-1"]
[WhiteElo "1605"]
[BlackElo "1605"]
[PlyCount "86"]
[EventDate "1994.??.??"]

{4/(34)} 1. d4 d5 2. e3 Nf6 3. Bd3 Nc6 4. Nd2 e5 5. c3 e4 6. Bb5 a6 7. Ba4 Bd6
8. f3 O-O 9. fxe4 dxe4 10. Bc2 Bg4 11. Ngf3 exf3 12. gxf3 Bh5 13. Ne4 Nxe4 14.
Bxe4 Re8 15. Qd3 Qh4+ 16. Ke2 Rxe4 17. Kd2 Bxf3 18. Qf1 Bxh1 19. Qxh1 Qf2+ 20.
Kd3 f5 21. Bd2 Rae8 22. Rf1 Qxh2 23. Qf3 Rf8 24. Rh1 Qe5 25. dxe5 Nxe5+ 26. Ke2
Nxf3 27. Kxf3 Ra4 28. a3 f4 29. e4 Re8 30. Re1 g5 31. Bc1 h5 32. b4 c5 33. Rh1
g4+ 34. Kg2 f3+ 35. Kf2 cxb4 36. cxb4 Rxe4 37. Rxh5 Re2+ 38. Kf1 Be7 39. Rh6
Kg7 40. Rh5 g3 41. Bh6+ Kg6 42. b5 Rxa3 43. Bg7 Kxg7 0-1

[Event "Detroit (MOR/7/42)"]
[Site "?"]
[Date "1994.??.??"]
[Round "?"]
[White "Arwashan, N."]
[Black "Carpenter, George"]
[Result "0-1"]
[WhiteElo "1605"]
[BlackElo "1605"]
[PlyCount "74"]
[EventDate "1994.??.??"]

{7/(42)} 1. e4 d6 2. d4 Nf6 3. Nc3 g6 4. Bc4 Bg7 5. Nf3 O-O 6. O-O Nbd7 7. Re1
c6 8. Bf4 Qc7 9. e5 dxe5 10. dxe5 Ng4 11. Ng5 Ngxe5 12. Qe2 Qb6 13. Rad1 Qc5
14. b3 Nxc4 15. bxc4 Bxc3 16. Bd2 Bxd2 17. Qxd2 Nf6 18. Qf4 Bg4 19. Re5 Qb4 20.
c3 Rad8 21. Rde1 Qxc3 22. Rxe7 Rd1 23. Rxd1 Bxd1 24. h3 Nh5 25. Qc7 Qf6 26. Ne4
Qa1 27. Nd6 Bg4+ 28. Kh2 Be6 29. Ne4 Qd4 30. Ng5 Qd8 31. Nxe6 fxe6 32. Rg7+
Nxg7 33. Qxb7 Qb6 34. Qd7 Rxf2 35. Kg3 Qe3+ 36. Kh2 Qf4+ 37. Kg1 Rf1# 0-1

[Event "Detroit (MCO/DEU/7/9)"]
[Site "?"]
[Date "1994.??.??"]
[Round "?"]
[White "Arwashan, N."]
[Black "Andreas, L."]
[Result "0-1"]
[WhiteElo "1605"]
[BlackElo "1605"]
[PlyCount "96"]
[EventDate "1994.??.??"]

{7/(9)} 1. e4 c5 2. c3 Nf6 3. f3 Nc6 4. d4 cxd4 5. cxd4 d5 6. Bb5 Qa5+ 7. Nc3
dxe4 8. Bd2 Qb6 9. Bg5 Bd7 10. Bxf6 exf6 11. Nd5 Qa5+ 12. b4 Bxb4+ 13. Kf2 Bd6
14. Rb1 O-O 15. fxe4 Qxa2+ 16. Ke1 Qxg2 17. Qf3 Qxf3 18. Nxf3 Rfe8 19. Bd3 b6
20. Rg1 Re6 21. Rb2 f5 22. e5 Nxd4 23. Kf2 Bc5 24. Nf6+ Rxf6 25. exf6 Nxf3+ 26.
Kxf3 Bxg1 27. Rg2 Bc6+ 28. Kg3 Bxg2 29. Kxg2 Bd4 30. Bxf5 Bxf6 31. Kg3 h5 32.
Be4 Re8 33. Kf4 g6 34. h4 Re7 35. Bd3 a5 36. Bc2 b5 37. Kf3 b4 38. Kf2 Bxh4+
39. Kg2 Re2+ 40. Kh3 Rxc2 41. Kxh4 b3 42. Kg5 Kg7 43. Kh4 b2 44. Kg3 b1=Q 45.
Kf4 Rc5 46. Ke3 Rc4 47. Kd2 Qb3 48. Ke2 Rc2+ 0-1

[Event "Grand Rapids (MI Am/1/26)"]
[Site "?"]
[Date "1994.??.??"]
[Round "?"]
[White "Arenson, Kevin"]
[Black "Scriber, Darin"]
[Result "0-1"]
[WhiteElo "1605"]
[BlackElo "1670"]
[PlyCount "104"]
[EventDate "1994.??.??"]

{1/(26)} 1. e4 Nf6 2. Nc3 d5 3. e5 Ne4 4. Nxe4 dxe4 5. f3 exf3 6. Nxf3 e6 7. d4
Bd7 8. Bd3 c5 9. c3 cxd4 10. cxd4 Be7 11. O-O Bc6 12. Be2 O-O 13. Bd2 Nd7 14.
Qc2 Rc8 15. Bc3 Nb6 16. Nd2 Qd7 17. Nb3 Ba4 18. Bd3 h6 19. a3 Qd5 20. Be4 Qxb3
21. Qxb3 Bxb3 22. Bxb7 Rc7 23. Bf3 Nd5 24. Rac1 Bg5 25. Bb4 Rxc1 26. Rxc1 Bxc1
27. Bxf8 Kxf8 28. Kf1 Bxb2 29. Ke2 Bxd4 30. Kd3 Bxe5 31. Ke4 Bxh2 32. Kd4 Bd6
33. a4 f5 34. a5 g5 35. Kd3 g4 36. Bxd5 Bxd5 37. Ke3 Bxg2 38. Kd4 Bd5 39. Ke3
g3 40. Ke2 g2 41. Kf2 Bc5+ 42. Ke2 g1=Q 43. Kd2 Qe3+ 44. Kc2 Bb3+ 45. Kb2 Ba3+
46. Kxa3 Bc2+ 47. Kb4 f4 48. Kb5 f3 49. Kc6 f2 50. Kd7 f1=Q 51. Kd8 Qc4 52. Kd7
Qed4# 0-1

[Event "Eastpointe (US Am N/6/7)"]
[Site "?"]
[Date "1994.??.??"]
[Round "?"]
[White "Applebee, J."]
[Black "Rutkofske, Lonnie"]
[Result "0-1"]
[WhiteElo "2110"]
[BlackElo "1980"]
[PlyCount "58"]
[EventDate "1994.??.??"]

{6/(7)} 1. d4 f5 2. c4 g6 3. Nc3 Nf6 4. g3 Bg7 5. Bg2 c6 6. Nf3 d6 7. Rb1 Nbd7
8. Qc2 Nb6 9. b3 Ne4 10. Bb2 d5 11. c5 Nxc3 12. Bxc3 Nd7 13. b4 a6 14. a4 Nf6
15. Nd2 Ne4 16. f3 Ng5 17. Qb2 Qc7 18. e3 O-O 19. h4 Qxg3+ 20. Kf1 Ne4 21. Nxe4
fxe4 22. Be1 Rxf3+ 23. Kg1 Qg4 24. Bf2 Bd7 25. Kf1 Rxf2+ 26. Kxf2 Rf8+ 27. Kg1
Bh6 28. Re1 Qg3 29. Qd2 Rf3 0-1

[Event "Eastpointe (US Am N/4/9)"]
[Site "?"]
[Date "1994.??.??"]
[Round "?"]
[White "Applebee, J."]
[Black "Drysdale, Gilbert"]
[Result "1-0"]
[WhiteElo "2110"]
[BlackElo "1740"]
[PlyCount "47"]
[EventDate "1994.??.??"]

{4/(9)} 1. d4 e5 2. dxe5 Nc6 3. Nf3 Qe7 4. e4 Nxe5 5. Bf4 Nxf3+ 6. Qxf3 d5 7.
Nc3 Nf6 8. e5 Bg4 9. Qe3 O-O-O 10. exf6 Qb4 11. Qxa7 Bc5 12. Qa8+ Kd7 13. Bb5+
Ke6 14. Qxb7 Qxf4 15. O-O gxf6 16. Rae1+ Kf5 17. Nxd5 Qh6 18. Ne7+ Kg5 19. Qxc7
Bd6 20. f4+ Kh5 21. Qa5 Ra8 22. Ba6+ Kh4 23. Nf5+ Bxf5 24. Qxf5 1-0

[Event "Eastpointe (US Am N/2/24)"]
[Site "?"]
[Date "1994.??.??"]
[Round "?"]
[White "Applebee, J."]
[Black "Crimmins, M."]
[Result "1-0"]
[WhiteElo "2110"]
[BlackElo "1605"]
[PlyCount "59"]
[EventDate "1994.??.??"]

{2/(24)} 1. d4 Nf6 2. c4 e6 3. Nf3 Be7 4. Nc3 O-O 5. e4 d5 6. e5 Ne8 7. h4 f6
8. Bf4 b6 9. Qc2 Bb7 10. cxd5 exd5 11. Bd3 g6 12. Bxg6 hxg6 13. Qxg6+ Ng7 14.
Bh6 Rf7 15. e6 Qf8 16. Rh3 Bd6 17. exf7+ Qxf7 18. Qxf7+ Kxf7 19. Nb5 Bb4+ 20.
Bd2 Bxd2+ 21. Kxd2 Na6 22. g4 Bc8 23. Rg3 c5 24. Re1 Bd7 25. Nd6+ Kf8 26. h5
Ne6 27. Nh4 Nac7 28. f4 Nxd4 29. Ng6+ Kg8 30. Re7 1-0

[Event "Detroit (MEX/2/3)"]
[Site "?"]
[Date "1994.??.??"]
[Round "?"]
[White "Andrews, Steve"]
[Black "Kebrdle, M."]
[Result "1/2-1/2"]
[WhiteElo "2220"]
[BlackElo "2045"]
[PlyCount "84"]
[EventDate "1994.??.??"]

{2/(3)} 1. d4 d5 2. c4 c6 3. Nf3 Nf6 4. Nc3 dxc4 5. e3 Bf5 6. Bxc4 e6 7. h3 Bb4
8. O-O O-O 9. Nh4 Bg6 10. Nxg6 hxg6 11. a3 Bxc3 12. bxc3 Nbd7 13. Rb1 Qc7 14.
Qf3 Nb6 15. Bb3 Nbd5 16. e4 Nxe4 17. Qxe4 Nxc3 18. Qd3 Nxb1 19. Qxb1 Rfd8 20.
Be3 Qa5 21. Bc2 b5 22. Qb3 Qc7 23. Be4 Qd6 24. Rc1 Rac8 25. Rc5 g5 26. Rxg5 Kf8
27. Qc3 g6 28. Rc5 f5 29. Rxc6 Rxc6 30. Qxc6 fxe4 31. Qxe4 Kf7 32. h4 Kg7 33.
Bf4 Qd5 34. Be5+ Kh7 35. Qf4 Qd7 36. h5 gxh5 37. Qg5 Rc8 38. Qxh5+ Kg8 39. Qg6+
Kf8 40. Qh6+ Ke8 41. Qh8+ Ke7 42. Qf6+ Ke8 1/2-1/2